000 00584nam a2200181Ia 4500
008 100917s9999 xx 000 0 und d
082 _b33393
100 _aदत्ता केशव
245 _aघरोघरी मातीच्या चुली
260 _bमेहता पब्लिकेशन्स
_c1978
300 _a66
365 _b8
520 _aनाटक
630 _aघरोघरी मातीच्या चुली
650 _aनाटक
730 _aघरोघरी मातीच्या चुली
942 _cBOOK
999 _c638787
_d638784